000 00722nam a2200205Ii 4500
003 JO-AjNU
008 230605s9999||||xx |||||||||||||| ||und||
040 _aJO-AjNU
_bara
_erda
_cJO-AjNU
041 _aara
050 1 4 _aPJ7619 2011
100 3 _aتأليف نوار، بهاء,
_eauthor
_948458
245 0 0 _aتجليات الموت في شعر المتنبي
250 _aط1
264 3 1 _aدمشق:دار كنان للدراسات والنشر،2011
300 _a327ص
336 _atext
_btxt
_2rdacontent
337 _aunmediated
_bn
_2rdamedia
338 _avolume
_bnc
_2rdacarrier
650 4 _aالمتنبي - الشعر العربي - تاريخ ونقد - العصر العباسي الثاني
_948459
999 _aA21223
_c24791
_d24791